| 000 | 00627nam a22001937a 4500 | ||
|---|---|---|---|
| 003 | 0 | ||
| 005 | 20250107101127.0 | ||
| 008 | 250107b xxu||||| |||| 00| 0 eng d | ||
| 020 | _a978-3-0343-3790-8 | ||
| 050 |
_aPE1450 _bC53 2020 |
||
| 100 | _aClaridge, Claudia | ||
| 245 |
_aLinguistic insights _bPunctuation in context-past and present perspectives _cClaridge, Claudia |
||
| 260 |
_aBern, Switzerland _bPeter Lang _cc2020 |
||
| 300 |
_a287 pages ; _c23cm. |
||
| 504 | _aIncludes bibliographical references and index. | ||
| 650 | _aEnglish language--punctuation. | ||
| 650 | _aPunctuation marks. | ||
| 942 |
_2lcc _cBK |
||
| 999 |
_c366894 _d366894 |
||